|
|
|
|
| LEADER |
00000n m0a2200000 4500 |
| 001 |
307990 |
| 005 |
20231102002041.0 |
| 010 |
|
|
|a 9785991665322
|
| 035 |
|
|
|a (RuTPU)RU\TPU\book\333298
|
| 090 |
|
|
|a 307990
|
| 100 |
|
|
|a 20151027d2016 m y0rusy50 ca
|
| 101 |
0 |
|
|a rus
|
| 102 |
|
|
|a RU
|
| 105 |
|
|
|a a j 001zy
|
| 200 |
1 |
|
|a Технология конструкционных материалов. Основы размерного анализа
|e учебное пособие для магистратуры
|f В. Ф. Скворцов
|g Национальный исследовательский Томский политехнический университет (ТПУ)
|
| 210 |
|
|
|a Москва
|c Юрайт
|d 2016
|
| 215 |
|
|
|a 79 с.
|c ил.
|
| 225 |
1 |
|
|a Университеты России
|
| 320 |
|
|
|a Библиогр.: с. 60.
|
| 330 |
|
|
|a В учебном пособии представлены основные методы анализа динамической и статической устойчивости энергосистем, рассмотрены соответствующие описательные примеры, представлена методика расчета и примеры работы с нормативными документами (ГОСТами). Соответствует актуальным требованиям Федерального государственного образовательного стандарта высшего образования. Для студентов, обучающихся по направлению магистерской подготовки 150700 «Машиностроение».
|
| 606 |
1 |
|
|a Размерные цепи
|x Расчет
|2 stltpush
|3 (RuTPU)RU\TPU\subj\23616
|9 48177
|
| 610 |
1 |
|
|a теория
|
| 610 |
1 |
|
|a точность
|
| 610 |
1 |
|
|a расположение
|
| 610 |
1 |
|
|a отклонения
|
| 610 |
1 |
|
|a изделия
|
| 610 |
1 |
|
|a конструкции
|
| 610 |
1 |
|
|a размерный анализ
|
| 610 |
1 |
|
|a учебные пособия
|
| 610 |
1 |
|
|a труды учёных ТПУ
|
| 675 |
|
|
|a 621.753.1(075.8)
|v 4
|
| 700 |
|
1 |
|a Скворцов
|b В. Ф.
|c специалист в области машиностроения
|c доцент Томского политехнического университета, кандидат технических наук
|f 1947-
|g Владимир Федорович
|2 stltpush
|3 (RuTPU)RU\TPU\pers\25590
|
| 712 |
0 |
2 |
|a Национальный исследовательский Томский политехнический университет (ТПУ)
|c (2009- )
|2 stltpush
|3 (RuTPU)RU\TPU\col\15902
|
| 801 |
|
1 |
|a RU
|b 63413507
|c 20151027
|
| 801 |
|
2 |
|a RU
|b 63413507
|c 20160608
|g RCR
|
| 900 |
|
|
|a Технология конструкционных материалов
|
| 942 |
|
|
|c BK
|
| 951 |
|
|
|l 8.3
|
| 959 |
|
|
|a 123/20150928
|d 20
|e 229,00
|f ЧЗТЛ:1
|f УФ:19
|
| 959 |
|
|
|a 27/20160302
|d 20
|e 249,00
|f УФ:20
|